[Event "Speed Chess (Women) Q1"]
[Site "Chess.com INT"]
[Date "2022.05.25"]
[Round "2"]
[White "Secopito, Catherine"]
[Black "Liu, Manli"]
[Result "0-1"]
[WhiteElo "2075"]
[BlackElo "2195"]
[PlyCount "62"]
[EventDate "2022.05.24"]
[EventType "swiss (blitz)"]
[EventRounds "14"]
[EventCountry "USA"]
[SourceTitle "CBM 208 Extra"]
[Source "ChessBase"]
[SourceDate "2022.07.31"]
[SourceVersion "1"]
[SourceVersionDate "2022.07.31"]
[SourceQuality "1"]

1. d4 Nf6 2. c4 e6 3. Nc3 d5 4. cxd5 exd5 5. Bg5 Nbd7 6. e3 c6 7. Bd3 Be7 8. Nge2 h6 9. Bh4 Nh5 10. Bxe7 Qxe7 11. Qc2 a5 12. h4 Nb6 13. 0-0-0 Bd7 14. Kb1 a4 15. f3 g6 16. g4 Ng7 17. Nf4 Ne6 18. Nxg6 fxg6 19. Bxg6+ Kd8 20. f4 Nf8 21. Bh5 Qxe3 22. Rhf1 Nc4 23. f5 a3 24. b3 Nd6 25. Rfe1 Qg3 26. Nxd5 cxd5 27. Qc5 Ne4 28. Qb6+ Qc7 29. Qb4 Nc3+ 30. Ka1 Nxd1 31. Rxd1 Rc8 0-1

[Event "Speed Chess (Women) Q1"]
[Site "Chess.com INT"]
[Date "2022.05.25"]
[Round "1"]
[White "Shvedova, Alexandra"]
[Black "Secopito, Catherine"]
[Result "1-0"]
[WhiteElo "2040"]
[BlackElo "2075"]
[PlyCount "89"]
[EventDate "2022.05.24"]
[EventType "swiss (blitz)"]
[EventRounds "14"]
[EventCountry "USA"]
[SourceTitle "CBM 208 Extra"]
[Source "ChessBase"]
[SourceDate "2022.07.31"]
[SourceVersion "1"]
[SourceVersionDate "2022.07.31"]
[SourceQuality "1"]

1. e4 d5 2. exd5 Qxd5 3. Nf3 Nf6 4. d4 c6 5. c4 Qd6 6. Nc3 Bf5 7. Be2 Nbd7 8. 0-0 e6 9. g3 Be7 10. Qb3 Qb4 11. Bf4 0-0 12. Qxb4 Bxb4 13. Rac1 h6 14. h4 Ne4 15. Nxe4 Bxe4 16. a3 Be7 17. Nd2 Bh7 18. h5 Bf6 19. Nb3 e5 20. dxe5 Nxe5 21. Rfd1 Rfd8 22. Na5 Bf5 23. b4 Rxd1+ 24. Rxd1 Nd7 25. Nxb7 Bb2 26. Na5 c5 27. Nc6 Kf8 28. bxc5 Bxa3 29. Bd6+ Ke8 30. Bf3 Be6 31. Nd4 Rc8 32. Nxe6 fxe6 33. c6 Bxd6 34. Rxd6 Nb6 35. Rxe6+ Kf7 36. Bd5 Kf8 37. Re1 a5 38. Rb1 Na8 39. Ra1 Nb6 40. Rxa5 Nxd5 41. cxd5 Ke7 42. Ra7+ Kd6 43. Rd7+ Ke5 44. f4+ Kf6 45. c7 1-0

[Event "Speed Chess (Women) Q2"]
[Site "Chess.com INT"]
[Date "2021.05.29"]
[Round "6"]
[White "Nguyen, Thi Mai Hung"]
[Black "Secopito, Catherine"]
[Result "1-0"]
[WhiteElo "2254"]
[BlackElo "2075"]
[PlyCount "73"]
[EventDate "2021.05.29"]
[EventType "swiss (blitz)"]
[EventRounds "13"]
[EventCountry "USA"]
[SourceTitle "CBM 202 Extra"]
[Source "ChessBase"]
[SourceDate "2021.07.31"]
[SourceVersion "1"]
[SourceVersionDate "2021.07.31"]
[SourceQuality "1"]

1. d4 d5 2. Nf3 Nf6 3. Bf4 e6 4. e3 Bd6 5. Bg3 0-0 6. Nbd2 c5 7. c3 b6 8. Bd3 Bb7 9. Ne5 Nc6 10. Qb1 Ne7 11. 0-0 c4 12. Bc2 b5 13. a3 a5 14. f4 b4 15. axb4 axb4 16. Rxa8 Qxa8 17. Qd1 b3 18. Bb1 Qa1 19. Qc1 Qa7 20. Qe1 Ra8 21. Bh4 Ng6 22. g4 Bxe5 23. fxe5 Nxg4 24. Bg5 Bc6 25. Qg3 Nh6 26. Bxh6 gxh6 27. h4 h5 28. Nf3 Qe7 29. Ng5 Rf8 30. Qf3 h6 31. Bxg6 hxg5 32. Bxh5 Kg7 33. Qg4 Be8 34. hxg5 Rh8 35. Rf6 Qa7 36. Rf1 Qa2 37. Qe2 1-0

[Event "Speed Chess (Women) Q2"]
[Site "Chess.com INT"]
[Date "2021.05.29"]
[Round "2"]
[White "Secopito, Catherine"]
[Black "Antova, Gabriela"]
[Result "1-0"]
[WhiteElo "2075"]
[BlackElo "2250"]
[PlyCount "35"]
[EventDate "2021.05.29"]
[EventType "swiss (blitz)"]
[EventRounds "13"]
[EventCountry "USA"]
[SourceTitle "CBM 202 Extra"]
[Source "ChessBase"]
[SourceDate "2021.07.31"]
[SourceVersion "1"]
[SourceVersionDate "2021.07.31"]
[SourceQuality "1"]

1. d4 d5 2. c4 dxc4 3. Nf3 Nf6 4. Nc3 a6 5. a4 e6 6. e3 c5 7. Bxc4 Be7 8. 0-0 0-0 9. e4 cxd4 10. Nxd4 Nbd7 11. Be3 Ne5 12. Be2 Bd7 13. f4 Nc6 14. Qb3 Nxd4 15. Bxd4 Bc6 16. Rad1 Qa5 17. Bf3 Qxc3 18. bxc3 1-0

[Event "Speed Chess (Women) Q2"]
[Site "Chess.com INT"]
[Date "2021.05.29"]
[Round "7"]
[White "Secopito, Catherine"]
[Black "Golubenko, Valentina"]
[Result "0-1"]
[WhiteElo "2075"]
[BlackElo "2209"]
[PlyCount "64"]
[EventDate "2021.05.29"]
[EventType "swiss (blitz)"]
[EventRounds "13"]
[EventCountry "USA"]
[SourceTitle "CBM 202 Extra"]
[Source "ChessBase"]
[SourceDate "2021.07.31"]
[SourceVersion "1"]
[SourceVersionDate "2021.07.31"]
[SourceQuality "1"]

1. d4 g6 2. c4 c5 3. Nf3 Bg7 4. Nc3 cxd4 5. e3 dxc3 6. bxc3 Bxc3+ 7. Bd2 Bxa1 8. Qxa1 Nf6 9. h4 h5 10. Bd3 d6 11. Ng5 Nc6 12. Bc3 e5 13. Qb1 Rg8 14. 0-0 Qe7 15. Re1 b6 16. f4 Bb7 17. f5 0-0-0 18. fxg6 fxg6 19. Bxg6 Kb8 20. a4 e4 21. Bf5 Ne5 22. a5 Nxc4 23. axb6 Nxb6 24. Qa1 Nfd5 25. Bd4 Rxg5 26. hxg5 Qxg5 27. Bxe4 Rg8 28. Qb2 h4 29. Rd1 h3 30. Qf2 hxg2 31. Qf7 Nc7 32. Bf6 Qg4 0-1

[Event "Speed Chess (Women) Q2"]
[Site "Chess.com INT"]
[Date "2021.05.29"]
[Round "10"]
[White "Secopito, Catherine"]
[Black "Soumya, Swaminathan"]
[Result "1-0"]
[WhiteElo "2075"]
[BlackElo "2351"]
[PlyCount "71"]
[EventDate "2021.05.29"]
[EventType "swiss (blitz)"]
[EventRounds "13"]
[EventCountry "USA"]
[SourceTitle "CBM 202 Extra"]
[Source "ChessBase"]
[SourceDate "2021.07.31"]
[SourceVersion "1"]
[SourceVersionDate "2021.07.31"]
[SourceQuality "1"]

1. d4 Nf6 2. c4 g6 3. Nc3 Bg7 4. Nf3 0-0 5. g3 c5 6. d5 e6 7. Bg2 exd5 8. cxd5 d6 9. 0-0 Re8 10. h3 a6 11. a4 Nbd7 12. Bf4 Nh5 13. Bxd6 Qb6 14. g4 Qxd6 15. gxh5 Nf6 16. hxg6 hxg6 17. Ng5 Qf4 18. Qc1 Qh4 19. Nf3 Qh5 20. a5 Bxh3 21. Ra4 Bh6 22. e3 Bxg2 23. Kxg2 Bg7 24. Rh1 Qf5 25. Rf4 Qd7 26. e4 Nh5 27. Rfh4 Bxc3 28. Qxc3 f6 29. Kf1 Kg7 30. Rxh5 gxh5 31. Rxh5 Rh8 32. Rf5 Rh1+ 33. Ke2 Rh6 34. Nh4 Re8 35. Rf4 Kf7 36. Nf5 1-0

[Event "PHI-ch (Women)"]
[Site "Quezon City"]
[Date "2019.09.08"]
[Round "8"]
[White "Mirano, Mira"]
[Black "Secopito, Catherine"]
[Result "0-1"]
[WhiteElo "1786"]
[BlackElo "2127"]
[PlyCount "110"]
[EventDate "2019.09.04"]
[EventType "tourn"]
[EventRounds "13"]
[EventCountry "PHI"]
[SourceTitle "EXT 2020"]
[Source "ChessBase"]
[SourceDate "2019.10.17"]
[SourceVersion "1"]
[SourceVersionDate "2019.10.17"]
[SourceQuality "1"]

1. e4 e5 2. Nc3 Nf6 3. Nf3 Bb4 4. Bc4 0-0 5. 0-0 Nc6 6. Nd5 Nxe4 7. Nxb4 Nxb4 8. Nxe5 d5 9. a3 dxc4 10. axb4 Qd5 11. d4 f6 12. Nf3 Bg4 13. c3 Ng5 14. Bxg5 fxg5 15. Re1 Bxf3 16. gxf3 Rxf3 17. Re5 Qf7 18. Qe2 Rf8 19. Rf1 Qh5 20. Re7 h6 21. Qxc4+ Kh8 22. Qe2 Qg4+ 23. Kh1 Qh4 24. Re8 Rxe8 25. Qxf3 c6 26. b5 cxb5 27. Qxb7 Qf4 28. Qg2 Re2 29. b4 Rc2 30. Qc6 a6 31. Qe8+ Kh7 32. Qe3 Qxe3 33. fxe3 Rxc3 34. Re1 Rb3 35. d5 Rd3 36. e4 Rd4 37. Kg2 Kg8 38. Kf3 Rxb4 39. e5 Rd4 40. d6 Kf7 41. e6+ Ke8 42. d7+ Ke7 43. Re5 b4 44. Ke3 Rd6 45. Re4 a5 46. Re5 a4 47. Re4 a3 48. Rxb4 Rxe6+ 49. Kd3 Ra6 50. Rb1 a2 51. Ra1 Kxd7 52. Ke3 Ke6 53. Ke4 Ra4+ 54. Ke3 Ke5 55. Kf3 Kd4 0-1

[Event "PHI-ch (Women)"]
[Site "Quezon City"]
[Date "2019.09.04"]
[Round "1"]
[White "Secopito, Catherine"]
[Black "Frayna, Janelle Mae"]
[Result "1/2-1/2"]
[WhiteElo "2127"]
[BlackElo "2206"]
[PlyCount "47"]
[EventDate "2019.09.04"]
[EventType "tourn"]
[EventRounds "13"]
[EventCountry "PHI"]
[SourceTitle "EXT 2020"]
[Source "ChessBase"]
[SourceDate "2019.10.17"]
[SourceVersion "1"]
[SourceVersionDate "2019.10.17"]
[SourceQuality "1"]

1. d4 d5 2. Nf3 c6 3. e3 f5 4. Bd3 Nf6 5. c4 e6 6. 0-0 Bd6 7. b3 Qe7 8. Bb2 0-0 9. Nc3 Ne4 10. Ne2 Bd7 11. Qc2 Be8 12. Ne5 Nd7 13. f3 Ng5 14. Rad1 Qf6 15. e4 dxe4 16. Nxd7 Bxd7 17. fxe4 Nxe4 18. c5 Bxh2+ 19. Kxh2 Qh6+ 20. Kg1 Qe3+ 21. Kh1 Qh6+ 22. Kg1 Qe3+ 23. Kh1 Qh6+ 24. Kg1 1/2-1/2

[Event "Olympiad Women-43"]
[Site "Batumi"]
[Date "2018.10.04"]
[Round "10.2"]
[White "Hincu, Olga"]
[Black "Secopito, Catherine"]
[Result "0-1"]
[WhiteElo "2124"]
[BlackElo "2157"]
[PlyCount "90"]
[EventDate "2018.09.24"]
[EventType "team-swiss"]
[EventRounds "11"]
[EventCountry "GEO"]
[SourceTitle "EXT 2020"]
[Source "ChessBase"]
[SourceDate "2019.10.17"]
[SourceVersion "1"]
[SourceVersionDate "2019.10.17"]
[SourceQuality "1"]
[WhiteTeam "Moldova (W)"]
[BlackTeam "Philippines (W)"]
[WhiteTeamCountry "MDA"]
[BlackTeamCountry "PHI"]

1. d4 Nf6 2. c4 e6 3. Nf3 b6 4. a3 Bb7 5. Nc3 d5 6. cxd5 Nxd5 7. Qc2 Nxc3 8. bxc3 c5 9. e4 Nd7 10. Bd3 Qc7 11. 0-0 cxd4 12. cxd4 Qxc2 13. Bxc2 Rc8 14. Ba4 a6 15. d5 exd5 16. exd5 b5 17. Re1+ Kd8 18. Bg5+ f6 19. Bd2 Bc5 20. Bb3 Re8 21. Ba5+ Bb6 22. Rxe8+ Kxe8 23. Re1+ Kd8 24. Bb4 Nc5 25. Bc2 g6 26. d6 a5 27. Bd2 Bd5 28. Nd4 Nb7 29. Bb3 Bxb3 30. Nxb3 a4 31. Nc1 Rc2 32. Rd1 Bc5 33. Nd3 Bxa3 34. Bb4 Bxb4 35. Nxb4 Rc4 36. Nd5 a3 37. d7 a2 38. Ra1 b4 39. f4 b3 40. Re1 Rc6 41. Nb4 Kxd7 42. Nd3 Ra6 43. Ra1 Rd6 44. Nb2 Rd2 45. Nc4 b2 0-1

[Event "Bangkok op 17th"]
[Site "Bangkok"]
[Date "2017.04.13"]
[Round "6"]
[White "Secopito, Catherine"]
[Black "Egorov, Evgeni"]
[Result "0-1"]
[WhiteElo "2116"]
[BlackElo "2377"]
[PlyCount "104"]
[EventDate "2017.04.08"]
[EventType "swiss"]
[EventRounds "9"]
[EventCountry "THA"]
[SourceTitle "CBM 177 Extra"]
[Source "ChessBase"]
[SourceDate "2017.04.27"]
[SourceVersion "1"]
[SourceVersionDate "2017.04.27"]
[SourceQuality "1"]

1. d4 Nf6 2. c4 c5 3. d5 e6 4. Nc3 exd5 5. cxd5 Bd6 6. e4 0-0 7. Bd3 Re8 8. Nge2 Bc7 9. 0-0 a6 10. Kh1 d6 11. f3 Nbd7 12. Ng3 b5 13. b3 Nf8 14. Bg5 h6 15. Bd2 Bd7 16. Rc1 Ba5 17. Qc2 Rc8 18. Nd1 Ng6 19. Bxa5 Qxa5 20. f4 c4 21. bxc4 bxc4 22. Be2 c3 23. Nxc3 Rc5 24. Bd3 Rec8 25. Nge2 Bg4 26. Qb2 Bxe2 27. Nxe2 Rxc1 28. Nxc1 Re8 29. Qc2 Qb4 30. e5 dxe5 31. Bxg6 fxg6 32. fxe5 Rxe5 33. Nd3 Qe4 34. Qc8+ Re8 35. Qxa6 Kh7 36. Nf4 g5 37. Ne6 Nxd5 38. Nc5 Qe2 39. Qxe2 Rxe2 40. Ra1 Ne3 41. a4 Nxg2 42. a5 Nh4 43. Rf1 Ra2 44. Nb3 Rb2 45. Nd4 Rb4 46. Rd1 g4 47. Nc6 Ra4 48. Kg1 Ra2 49. Ne5 Rxa5 50. Nd3 Ra2 51. Nf2 h5 52. Rd5 g6 0-1

[Event "Tagaytay City zt 3.3 (Women)"]
[Site "Tagaytay City"]
[Date "2017.03.02"]
[Round "6"]
[White "Secopito, Catherine"]
[Black "Mendoza, Shania Mae"]
[Result "1/2-1/2"]
[WhiteElo "2106"]
[BlackElo "1983"]
[PlyCount "117"]
[EventDate "2017.02.25"]
[EventType "swiss"]
[EventRounds "9"]
[EventCountry "PHI"]
[SourceTitle "CBM 177 Extra"]
[Source "ChessBase"]
[SourceDate "2017.04.27"]
[SourceVersion "1"]
[SourceVersionDate "2017.04.27"]
[SourceQuality "1"]

1. d4 Nf6 2. c4 g6 3. Nc3 Bg7 4. e4 d6 5. f3 0-0 6. Be3 Nbd7 7. Nge2 c5 8. d5 Qa5 9. a3 a6 10. Bd2 Ne5 11. Ng3 Rb8 12. Rb1 Qc7 13. Be2 b5 14. cxb5 axb5 15. Nxb5 Rxb5 16. Bxb5 c4 17. a4 Nd3+ 18. Ke2 e6 19. Qc2 exd5 20. b3 Nc5 21. exd5 cxb3 22. Rxb3 Nxd5 23. Re1 Qe7+ 24. Kf1 Qh4 25. Kg1 Nxb3 26. Qxb3 Bd4+ 27. Kh1 Be6 28. Bc4 Bf2 29. Re4 Qf6 30. Qa2 Rb8 31. Nf1 Nc7 32. Bxe6 Nxe6 33. Bc1 Bc5 34. h4 Qf5 35. Ng3 Qf6 36. Ne2 Rb4 37. Rxb4 Bxb4 38. Qc4 Be1 39. Be3 Qxh4+ 40. Qxh4 Bxh4 41. a5 Nc7 42. Bf4 Be7 43. Nd4 Kf8 44. Nc6 Na6 45. Kg1 Ke8 46. Kf1 Bf8 47. Ke2 Kd7 48. Nd4 Nc5 49. Kd1 Bg7 50. Nb5 Be5 51. Be3 Kc6 52. Na3 Na6 53. Kc2 d5 54. Kb3 Bd6 55. Nc2 Kb5 56. Nd4+ Kxa5 57. Nc6+ Kb5 58. Na7+ Ka5 59. Nc6+ 1/2-1/2

[Event "PHI-ch (W) Battle of WGM"]
[Site "Manila"]
[Date "2016.09.06"]
[Round "1"]
[White "Secopito, Catherine"]
[Black "Mejia, Cherry Ann"]
[Result "1/2-1/2"]
[WhiteElo "2120"]
[BlackElo "1972"]
[PlyCount "75"]
[EventDate "2016.09.06"]
[EventType "tourn"]
[EventRounds "11"]
[EventCountry "PHI"]
[SourceTitle "EXT 2019"]
[Source "ChessBase"]
[SourceDate "2018.10.10"]
[SourceVersion "1"]
[SourceVersionDate "2018.10.10"]
[SourceQuality "1"]

1. d4 d5 2. c4 dxc4 3. Nc3 a6 4. a4 Nc6 5. Nf3 Nf6 6. e4 Bg4 7. Be3 Na5 8. Be2 e6 9. 0-0 Bb4 10. Qc2 c6 11. Na2 Be7 12. Rad1 b5 13. Nc3 0-0 14. h3 Bh5 15. g4 Bg6 16. Ne5 b4 17. Nxg6 hxg6 18. Nb1 b3 19. Qc1 Nxe4 20. Bxc4 Nxc4 21. Qxc4 Qd5 22. Rc1 Rfc8 23. f3 Nf6 24. Nd2 Qxc4 25. Rxc4 Nd5 26. Kf2 Rab8 27. Rfc1 Nb4 28. Ke2 Na2 29. Ra1 Nb4 30. Rac1 Na2 31. Ra1 Nb4 32. Bf4 Rb7 33. Be3 Rbb8 34. Rb1 Na2 35. Ra1 Nb4 36. Rac1 Na2 37. Ra1 Nb4 38. Rac1 1/2-1/2

[Event "Olympiad Women-42"]
[Site "Baku"]
[Date "2016.09.03"]
[Round "2.5"]
[White "Secopito, Catherine"]
[Black "Melia, Salome"]
[Result "1-0"]
[WhiteElo "2119"]
[BlackElo "2419"]
[PlyCount "115"]
[EventDate "2016.09.02"]
[EventType "team-swiss"]
[EventRounds "11"]
[EventCountry "AZE"]
[SourceTitle "CBM 174 Extra"]
[Source "ChessBase"]
[SourceDate "2016.10.10"]
[SourceVersion "1"]
[SourceVersionDate "2016.10.10"]
[SourceQuality "1"]
[WhiteTeam "Philippines (W)"]
[BlackTeam "Georgia (W)"]
[WhiteTeamCountry "PHI"]
[BlackTeamCountry "GEO"]

1. d4 Nf6 2. c4 e6 3. Nc3 Bb4 4. a3 Bxc3+ 5. bxc3 b6 6. Nf3 Ba6 7. e3 Nc6 8. Qc2 Na5 9. Nd2 0-0 10. Bd3 Qe7 11. a4 c5 12. Ba3 d6 13. 0-0 cxd4 14. cxd4 Rfc8 15. Rfc1 Qd7 16. Bb4 Nxc4 17. Bxc4 Bxc4 18. Nxc4 d5 19. Qe2 dxc4 20. Rxc4 Rxc4 21. Qxc4 Rc8 22. Qe2 Nd5 23. Be1 f5 24. h3 Qc6 25. g4 Nf6 26. f3 Qd5 27. Rb1 fxg4 28. hxg4 Rc4 29. a5 b5 30. e4 Qc6 31. g5 Nh5 32. Qh2 Rc1 33. Rxc1 Qxc1 34. Qd2 Qc4 35. d5 exd5 36. exd5 Nf4 37. d6 Ne6 38. d7 Nd8 39. Bf2 b4 40. Qe3 Qe6 41. Qxa7 Kf7 42. Qc7 Qe7 43. Qf4+ Ke6 44. a6 Nc6 45. a7 Nxa7 46. Bxa7 Kxd7 47. Qe3 Qxe3+ 48. Bxe3 Ke6 49. Kf2 Kf5 50. Ke2 Kg6 51. Kd3 h5 52. gxh6 gxh6 53. Bf4 h5 54. Kc4 Kf5 55. Bg3 h4 56. Bh2 Ke6 57. Kxb4 Kd5 58. Kc3 1-0